[Event "AUTO-BEG-283"]
[Site "http://www.queenalice.com/game.php?id=523950"]
[Date "2009.1.16"]
[Round "1"]
[White "she_wolf"]
[Black "felipephbcs"]
[Result "1-0"]
[WhiteElo "1118"]
[BlackElo "1035"]

1. e4 e5 2. Nf3 Nf6 3. Nxe5 Nxe4 4. Qe2 Qe7 5. Qxe4 d6 6. d4 g6 7. Bc4 dxe5 8.
dxe5 Bg7 9. Bf4 c6 10. O-O Nd7 11. Re1 Nc5 12. Qd4 Bf6 13. Nc3 Be6 14. exf6 1-0

[Event "AUTO-BEG-283"]
[Site "http://www.queenalice.com/game.php?id=523951"]
[Date "2009.1.16"]
[Round "1"]
[White "felipephbcs"]
[Black "she_wolf"]
[Result "1-0"]
[WhiteElo "1179"]
[BlackElo "1152"]

1. d4 d5 2. Nf3 Nf6 3. Nc3 e6 4. e3 Qd7 5. Bd3 Bb4 6. a3 Ba5 7. O-O O-O 8. b4
Bb6 9. Ng5 a5 10. Rb1 Qc6 11. Qd2 Qa4 12. Nxa4 Ba7 13. bxa5 Bd7 14. Bb2 Bxa4 15.
Qb4 Bc6 16. Qe7 Nbd7 17. Qb4 Rfe8 18. Qd2 Nc5 19. dxc5 Ne4 20. Bxe4 dxe4 21. Qd4
e5 22. Qd2 Red8 23. Qc3 Rd5 24. Rbd1 Bxc5 25. f4 exf4 26. Qxg7# 1-0

[Event "AUTO-BEG-283"]
[Site "http://www.queenalice.com/game.php?id=523952"]
[Date "2009.1.16"]
[Round "1"]
[White "she_wolf"]
[Black "jhitalo"]
[Result "0-1"]
[WhiteElo "1130"]
[BlackElo "1376"]

1. e4 e5 2. Nf3 Nc6 3. Bc4 Nf6 4. d3 Bc5 5. O-O O-O 6. Nc3 a6 7. a3 b5 8. Bb3 d6
9. Ba2 Nd4 10. Bg5 h6 11. Bh4 Nxf3+ 12. Qxf3 g5 13. Bg3 Bg4 14. Qd1 Bxd1 15.
Nxd1 d5 16. Bxe5 dxe4 17. Nc3 exd3 18. cxd3 Bd4 19. Bg3 Bxc3 20. bxc3 Qxd3 21.
Be5 Ng4 22. Bb1 Qd5 23. Bd4 Qd6 24. Be4 Qxh2# 0-1

[Event "AUTO-BEG-283"]
[Site "http://www.queenalice.com/game.php?id=523953"]
[Date "2009.1.16"]
[Round "1"]
[White "jhitalo"]
[Black "she_wolf"]
[Result "1-0"]
[WhiteElo "1436"]
[BlackElo "1141"]

1. e4 e5 2. Nf3 Nc6 3. Bb5 Nd4 4. Nxe5 Qe7 5. f4 Nf6 6. Bd3 d6 7. Nf3 Nxe4 8.
Nxd4 c5 9. Ne2 Qh4+ 10. g3 Qh3 11. Bxe4 Be6 12. Bxb7 Rd8 13. Bc6+ Bd7 14. Bxd7+
Rxd7 15. Ng1 Qe6+ 16. Qe2 Re7 17. Qxe6 Rxe6+ 18. Ne2 Be7 19. d3 Bf6 20. Nc3 O-O
21. Bd2 Rfe8 22. a3 Bxc3 23. Bxc3 Rxe2+ 24. Kd1 d5 25. Re1 d4 26. Rxe2 Rxe2 27.
Kxe2 dxc3 28. bxc3 c4 29. Rb1 g6 30. Rb4 Kg7 31. Rxc4 Kh6 32. d4 a5 33. d5 f5
34. d6 g5 35. d7 1-0

[Event "AUTO-BEG-283"]
[Site "http://www.queenalice.com/game.php?id=523954"]
[Date "2009.1.16"]
[Round "1"]
[White "she_wolf"]
[Black "gremioimortal"]
[Result "0-1"]
[WhiteElo "1055"]
[BlackElo "1454"]

1. e4 e5 2. Nf3 Nc6 3. Bc4 Nh6 4. O-O Ng4 5. d3 Qf6 6. Nbd2 h5 7. Nb3 h4 8. Ng5
d6 9. Nc5 dxc5 10. a4 Bd7 11. Nf3 h3 12. Bg5 Qd8 13. Bxd8 Kxd8 14. Bxf7 Nxh2 15.
Ra3 Ke7 16. Nxh2 Kxf7 17. Qf3+ Ke6 18. Ng4 Nd4 19. Qd1 Kf7 20. c3 Bxg4 21. Qxg4
h2+ 22. Kh1 b5 23. cxd4 b4 24. Rb3 Rd8 25. dxe5 Be7 26. e6+ Kf6 27. Qf4+ Kg6 28.
a5 Rdf8 29. Qg4+ Bg5 30. e7 Re8 31. Qe6+ Kh5 32. g4+ Kh4 33. d4 Rh6 34. Rd1 Rxe6
35. dxc5 Rxe4 36. f3 Rc4 37. f4 Rxf4 38. Rdd3 Rxe7 39. Rh3+ Kxg4 40. Rhg3+ Kf5
41. Rbd3 Re1+ 42. Kxh2 Rf2+ 43. Kh3 Rh1# 0-1

[Event "AUTO-BEG-283"]
[Site "http://www.queenalice.com/game.php?id=523955"]
[Date "2009.1.16"]
[Round "1"]
[White "gremioimortal"]
[Black "she_wolf"]
[Result "0-1"]
[WhiteElo "1295"]
[BlackElo "1131"]

1. e4 e5 2. Bc4 Nf6 3. d3 Bc5 4. Nf3 Nc6 5. Ng5 O-O 6. h4 d6 7. h5 Ng4 8. f3 Ne3
9. Qe2 Qxg5 10. a3 Qxg2 11. Bxe3 Qxh1+ 12. Kf2 Bh3 13. Qe1 Qh2# 0-1

[Event "Challenge"]
[Site "http://www.queenalice.com/game.php?id=525258"]
[Date "2009.1.18"]
[Round "-"]
[White "she_wolf"]
[Black "arthurto28"]
[Result "0-1"]
[WhiteElo "1137"]
[BlackElo "1009"]

1. e4 e5 2. Nf3 Nc6 3. Bc4 a6 4. d3 b5 5. Bb3 Nd4 6. Bd5 c6 7. Bxf7+ Kxf7 8.
Nxe5+ Ke8 9. Qh5+ g6 10. Nxg6 Qa5+ 11. Bd2 Bb4 12. Nxh8+ Kf8 13. Nc3 Nxc2+ 14.
Ke2 Nxa1 15. Rxa1 d6 16. Qxh7 Bg4+ 17. Kf1 Rd8 18. Bh6+ Nxh6 19. Re1 Rd7 20.
Qxd7 Bxd7 21. Ng6+ Kg7 22. Nf4 Qd8 23. Nh5+ Kh7 24. Re3 Bg4 25. Ng3 Bc5 26. d4
Bxd4 27. Re1 Qe8 28. Nce2 Bh5 29. Nxd4 Ng4 30. Nf3 Ne5 31. Ng5+ Kg6 32. Nxh5
Kxh5 33. Nh7 Qf7 34. Re3 Qc4+ 35. Kg1 Qc1+ 0-1

[Event "Challenge"]
[Site "http://www.queenalice.com/game.php?id=525259"]
[Date "2009.1.18"]
[Round "-"]
[White "she_wolf"]
[Black "calantone"]
[Result "0-1"]
[WhiteElo "1040"]
[BlackElo "1056"]

1. e4 e5 2. Nf3 Nc6 3. Bc4 Bb4 4. O-O Nd4 5. Nxd4 exd4 6. Qf3 Nf6 7. c3 dxc3 8.
dxc3 Bc5 9. b4 Bd6 10. Bf4 O-O 11. Nd2 Bxf4 12. Qxf4 d5 13. Bd3 Re8 14. exd5 Ng4
15. Be2 Ne5 16. Qd4 Bf5 17. Qf4 Nd3 18. Qxf5 Rxe2 19. Rad1 Nb2 20. Rb1 Nd3 21.
Qxd3 Qe8 22. Rbe1 Rxe1 23. c4 Rd8 24. a4 c6 25. b5 Qe2 26. Qxe2 Rxe2 27. Nf3
cxb5 28. Re1 Rc2 29. Nd4 Rxc4 30. Nf5 bxa4 31. Ne7+ Kf8 32. d6 Rxd6 33. Re5 Rd1+
34. Re1 Rxe1# 0-1

[Event "Challenge"]
[Site "http://www.queenalice.com/game.php?id=525262"]
[Date "2009.1.18"]
[Round "-"]
[White "she_wolf"]
[Black "Julianoj"]
[Result "0-1"]
[WhiteElo "1053"]
[BlackElo "1125"]

1. e4 d6 2. Nf3 e5 3. Bc4 f6 4. d4 b6 5. a4 Qd7 6. Ng5 fxg5 7. Bxg5 Qc6 8. Bb5
h5 9. Bxc6+ Nxc6 10. O-O Nxd4 11. c3 Ne6 12. Be3 g5 13. Nd2 Ba6 14. Re1 g4 15.
b4 Bb7 16. a5 Nf6 17. Qa4+ c6 18. Nc4 b5 19. Qd1 bxc4 20. Bg5 Nxg5 21. a6 Bc8
22. Rb1 Bxa6 23. Qa4 Bb5 24. Qa5 Rg8 25. Red1 Rg7 26. Rd2 Nfxe4 27. Ra2 Nxc3 28.
Rc1 Nxa2 29. Qxa2 Rf7 30. Qd2 Ne4 31. Qe3 Nxf2 32. Qg5 Nd3 33. Rd1 Nf4 34. Qxh5
Nxh5 35. Rf1 Rxf1+ 36. Kxf1 c3+ 37. Kg1 c2 0-1

[Event "Challenge"]
[Site "http://www.queenalice.com/game.php?id=525266"]
[Date "2009.1.18"]
[Round "-"]
[White "she_wolf"]
[Black "Eumesmo2005"]
[Result "0-1"]
[WhiteElo "1099"]
[BlackElo "1096"]

1. e4 Nc6 2. Nf3 e5 3. Bc4 a6 4. d3 b5 5. Bd5 Bb7 6. c4 Bb4+ 7. Nfd2 Nf6 8. O-O
d6 9. a3 Bxd2 10. Qxd2 O-O 11. Nc3 b4 12. Nb5 axb5 13. cxb5 Nd4 14. Bxb7 Rb8 15.
Ba6 Nb3 16. Qxb4 Nxa1 17. a4 c6 18. Be3 c5 19. Qa3 Nc2 20. Qb3 Nb4 21. Qc4 Ra8
22. b6 Nxa6 23. b7 Ra7 24. Qb5 Nc7 25. b8=Q Nxb5 26. Qxb5 Qc8 27. d4 Nxe4 0-1

[Event "Challenge"]
[Site "http://www.queenalice.com/game.php?id=525268"]
[Date "2009.1.18"]
[Round "-"]
[White "she_wolf"]
[Black "vivi_jamile"]
[Result "1-0"]
[WhiteElo "1025"]
[BlackElo "978"]

1. e4 e5 2. Nf3 Nc6 3. Bc4 Bb4 4. a3 Ba5 5. O-O Nf6 6. Ng5 h6 7. Nxf7 Qe7 8.
Nxh8 Nxe4 9. Nc3 Nc5 10. b4 Bb6 11. Qf3 Qf8 12. Bf7+ Ke7 13. Ng6+ Kd6 14. Qf5
Qd8 15. d3 Qg5 16. Bxg5 a5 17. Ne4+ Nxe4 18. Be7+ Nxe7 19. Qxe5+ Kc6 20. Qxe7
Nd2 21. Ne5+ Kb5 22. a4+ Ka6 23. b5+ Ka7 24. Nxd7 Bd4 25. Bd5 Nxf1 26. Qe4 Bxa1
27. Qc4 Bxd7 28. Qxc7 Nxh2 29. b6+ Ka6 30. Bc4+ Bb5 31. axb5# 1-0

[Event "Challenge"]
[Site "http://www.queenalice.com/game.php?id=525677"]
[Date "2009.1.19"]
[Round "-"]
[White "she_wolf"]
[Black "PaulMorphyJunior"]
[Result "0-1"]
[WhiteElo "1064"]
[BlackElo "1241"]

1. e4 e5 2. Nf3 Nc6 3. Bc4 Nf6 4. d3 h6 5. O-O d6 6. a4 g6 7. Nfd2 Bg7 8. Nb3
O-O 9. Nc3 Be6 10. Qf3 Bxc4 11. Nd5 Bxb3 12. cxb3 Nxd5 13. exd5 Nd4 14. Qd1 c6
15. b4 cxd5 16. b5 Ne6 17. Qb3 d4 18. a5 Rc8 19. Bd2 Nc5 20. Qc2 Ne4 21. Qd1
Nxd2 22. Qxd2 f5 23. b3 e4 24. a6 b6 25. dxe4 fxe4 26. Rae1 d5 27. Qb4 Qh4 28.
g3 Qh3 29. f4 Rc2 30. f5 Qxh2# 0-1

[Event "Bonne Chance"]
[Site "http://www.queenalice.com/game.php?id=529835"]
[Date "2009.1.26"]
[Round "-"]
[White "lcchaves13"]
[Black "she_wolf"]
[Result "1-0"]
[WhiteElo "1415"]
[BlackElo "1039"]

1. e4 c6 2. Na3 d5 3. exd5 cxd5 4. c4 e6 5. cxd5 Qf6 6. Qb3 Bc5 7. Nf3 exd5 8.
Bb5+ Nc6 9. Qe3+ Bxe3 10. dxe3 Ne7 11. O-O O-O 12. Bd3 Bf5 13. Bb5 Rac8 14. h3
a6 15. Be2 b5 16. Nc2 Ne5 17. Nb4 a5 18. Nd3 Nxd3 19. Bxd3 Bxd3 20. Rd1 Bc2 21.
Rd2 Ba4 22. b3 Nc6 23. Rb1 b4 24. bxa4 Ne5 25. Nd4 Rfe8 26. f4 Rc3 27. fxe5 Qxe5
28. Bb2 Rxe3 29. Nc6 Qe4 30. Rd4 Qxb1+ 31. Kh2 1-0

[Event "AUTO-BEG-288"]
[Site "http://www.queenalice.com/game.php?id=532420"]
[Date "2009.1.31"]
[Round "1"]
[White "Melzer"]
[Black "she_wolf"]
[Result "1-0"]
[WhiteElo "1144"]
[BlackElo "1099"]

1. d4 c6 2. c4 d5 3. Nf3 Nf6 4. e3 Ne4 5. Bd3 Qa5+ 6. Bd2 b6 7. Bxa5 e6 8. Bxe4
Bd6 9. cxd5 O-O 10. dxe6 Bxe6 11. Bc3 Bd5 12. Bxd5 cxd5 13. Qd3 Nc6 14. O-O Rae8
15. Ng5 a5 16. Qxh7# 1-0

[Event "AUTO-BEG-288"]
[Site "http://www.queenalice.com/game.php?id=532421"]
[Date "2009.1.31"]
[Round "1"]
[White "she_wolf"]
[Black "Melzer"]
[Result "0-1"]
[WhiteElo "1083"]
[BlackElo "1176"]

1. e4 e6 2. d4 d5 3. Nd2 c5 4. Ngf3 Nc6 5. exd5 exd5 6. Nb3 c4 7. Nc5 Nf6 8. b3
cxb3 9. cxb3 Bxc5 10. dxc5 Qa5+ 11. Bd2 Qxc5 12. Be3 Qd6 13. Bd3 O-O 14. O-O Bg4
15. a4 d4 16. Bxd4 Nxd4 17. a5 Rad8 18. Qc1 Bxf3 19. Qc3 Ng4 20. b4 Qxh2# 0-1

[Event "Challenge"]
[Site "http://www.queenalice.com/game.php?id=532710"]
[Date "2009.1.31"]
[Round "-"]
[White "she_wolf"]
[Black "degrau"]
[Result "0-1"]
[WhiteElo "1066"]
[BlackElo "1578"]

1. e4 e5 2. Qh5 Qe7 3. Bc4 g6 4. Qh3 Nf6 5. d3 d5 6. Nf3 Bxh3 7. O-O Bxg2 8.
Kxg2 dxc4 9. a4 cxd3 10. cxd3 Nh5 11. Kh1 Qf6 12. Bg5 Qxf3+ 13. Kg1 Qg4+ 14. Kh1
Qf3+ 15. Kg1 Qg4+ 16. Kh1 Qxg5 17. d4 Nf4 18. Nd2 Qg2# 0-1